| 000 | 01791cam a22004934i 4500 | ||
|---|---|---|---|
| 003 | PE-LiUPU | ||
| 005 | 20250731173448.0 | ||
| 008 | 150616s1993 ck r 000 0 sp d | ||
| 020 | _a1560634413 | ||
| 035 | _a(Sirsi) i9781560634416 | ||
| 035 | _a(Sirsi) i9781560634416 | ||
| 040 |
_aPE-LiUPU _bspa _cPE-LiUPU _erda |
||
| 049 | _aPRUA | ||
| 082 | 0 | 4 |
_a241.6976 _bS771a _221 |
| 100 | 1 |
_aSproul, R. C., _eautor. |
|
| 245 | 1 | 3 |
_aEl Aborto : _bUna mirada racional a un tema emocional / _cR. C. Sproul. |
| 264 | 1 |
_aColombia : _bUnilit, _c1993. |
|
| 300 |
_a215 páginas ; _c21 centímetros. |
||
| 336 |
_atext _2rdacontent |
||
| 337 |
_aunmediated _2rdamedia |
||
| 338 |
_avolume _2rdacarrier |
||
| 505 | 0 | _aEl aborto: El dilema ético de nuestra época-Aborto -- Un análisis a los argumentos en favor del aborto y de la libre elección -- Una estrategia y una respuesta con compasión. | |
| 526 | _aSEG42 | ||
| 526 | _aSEG41 | ||
| 526 | _aSEG40 | ||
| 526 | _aSEG39 | ||
| 526 | _aP94 | ||
| 526 | _aP87 | ||
| 526 | _aP86 | ||
| 526 | _aP85 | ||
| 526 | _aP77 | ||
| 526 | _aP76 | ||
| 526 | _aP35 | ||
| 610 | 1 | 4 |
_aMovimiento pro-vida _zEstados Unidos. |
| 650 | 1 | 4 |
_aAborto _xAspectos morales y éticos. |
| 650 | 0 | 4 |
_aAborto _xCristianismo. |
| 910 | _ajck | ||
| 942 |
_2ddc _cBK |
||
| 949 |
_a241.6976 _wDEWEY _c1 _i38517 _d2016-6-23 _e2016-6-22 _lCCODEBUL1 _mBUL _n6 _r0 _sY _tBOOK _u2015-4-23 _xTEOLOGIA _zUNKNOWN _0COMPRA _o.STAFF. Colección Teología |
||
| 949 |
_a241.697 S77 _wDEWEY _c2 _i39630 _d2016-3-14 _e2015-7-24 _lCCODEBUL1 _mBUL _n1 _r0 _sY _tBOOK _u2015-6-16 _xTEOLOGIA _zUNKNOWN _0COMPRA _o.STAFF. Colección Teología |
||
| 980 |
_81 _gALBERTO SANCHEZ Responsable de Automatización |
||
| 999 |
_c57329 _d57329 |
||